| 000 | 00502nam a2200157Ia 4500 | ||
|---|---|---|---|
| 008 | 160316s1996 xxu||||| |||| 00| 0 eng d | ||
| 082 |
_a344.046000 _bKOT |
||
| 100 | _aKothari Ashish Ed | ||
| 245 | _aPeople and protected areas : Towards participatory conservation in India | ||
| 250 | _a | ||
| 260 |
_aNew Delhi _bSage Publications _c1996 |
||
| 300 |
_a276p _b276p* _c |
||
| 365 | _b195/-* | ||
| 650 | _a1. Natural Resources - India - Wildlife Conservation - Inda | ||
| 700 |
_aSingh Neena _aSuri Saloni |
||
| 999 |
_c13066 _d13066 |
||